000
00330nam a2200145Ia 4500
008
220531s9999 xx 000 0 und d
041
_a
eng
245
_a
Manorama Year Book
260
_b
Malayala
_c
1995
300
_a
799
542
_d
14-02-1997
650
_a
Genral
_9
34600
906
_d
1996-1997
999
_c
21310
_d
21310